Zle fungujúce podniky treba ozdraviť

Dôvody zlého hospodárenia podnikov. Prekonať krízový stav a naštartovať pozitívny proces. Poradenské spoločnosti, zamerané na reštrukturalizáciu. Kedy je potrebné podnik reštrukturalizovať.

Na minha lista:
Detalhes bibliográficos
Formato: Capítulo de Livro
Idioma:eslovaco
Assuntos:
Tags: Adicionar Tag
Sem tags, seja o primeiro a adicionar uma tag!

MARC

LEADER 00000naa a2200000 4500
001 r046844
005 20230908084251.1
041 0 |a slo 
044 |a SK 
245 1 0 |a Zle fungujúce podniky treba ozdraviť 
520 |a Dôvody zlého hospodárenia podnikov. Prekonať krízový stav a naštartovať pozitívny proces. Poradenské spoločnosti, zamerané na reštrukturalizáciu. Kedy je potrebné podnik reštrukturalizovať. 
610 2 0 |a hospodárenie podnikové 
610 2 0 |a kríza podniku 
610 2 0 |a reštrukturalizácia 
610 2 0 |a likvidita podniku 
610 2 0 |a produktivita 
610 2 0 |a stratégia podniková